<?xml version="1.0" encoding="UTF-8"?>
<record
    xmlns:xsi="http://www.w3.org/2001/XMLSchema-instance"
    xsi:schemaLocation="http://www.loc.gov/MARC21/slim http://www.loc.gov/standards/marcxml/schema/MARC21slim.xsd"
    xmlns="http://www.loc.gov/MARC21/slim">

  <leader>00594nam a2200205Ia 4500</leader>
  <controlfield tag="001">4234</controlfield>
  <controlfield tag="003">GE_BSU</controlfield>
  <controlfield tag="008">181216s||||||||xx |||||||||||||| ||und||</controlfield>
  <datafield tag="040" ind1=" " ind2=" ">
    <subfield code="c">GE_BSU</subfield>
  </datafield>
  <datafield tag="080" ind1=" " ind2=" ">
    <subfield code="a">622.276</subfield>
  </datafield>
  <datafield tag="245" ind1=" " ind2=" ">
    <subfield code="a">&#x422;&#x435;&#x43E;&#x440;&#x438;&#x44F; &#x438; &#x43F;&#x440;&#x430;&#x43A;&#x442;&#x438;&#x43A;&#x430; &#x434;&#x43E;&#x431;&#x44B;&#x447;&#x438; &#x43D;&#x435;&#x444;&#x442;&#x438;.</subfield>
  </datafield>
  <datafield tag="245" ind1=" " ind2=" ">
    <subfield code="b">&#x415;&#x436;&#x435;&#x434;&#x43D;&#x435;&#x432;&#x43D;&#x438;&#x43A;.</subfield>
  </datafield>
  <datafield tag="245" ind1=" " ind2=" ">
    <subfield code="c">&#x420;&#x435;&#x434;. &#x441;&#x43E;&#x432;&#x435;&#x442;: &#x410;.&#x41F;.&#x41A;&#x440;&#x44B;&#x43B;&#x43E;&#x432; (&#x43F;&#x440;&#x435;&#x434;&#x441;&#x435;&#x434;&#x430;&#x442;&#x435;&#x43B;&#x44C;) &#x438; &#x434;&#x440;.</subfield>
  </datafield>
  <datafield tag="260" ind1=" " ind2=" ">
    <subfield code="a">&#x41C;.</subfield>
  </datafield>
  <datafield tag="260" ind1=" " ind2=" ">
    <subfield code="b">&#x41D;&#x435;&#x434;&#x440;&#x430;.</subfield>
  </datafield>
  <datafield tag="260" ind1=" " ind2=" ">
    <subfield code="c">1968.</subfield>
  </datafield>
  <datafield tag="300" ind1=" " ind2=" ">
    <subfield code="a">296 &#x441;&#x442;&#x440;. 27 &#x441;&#x43C;.</subfield>
  </datafield>
  <datafield tag="653" ind1=" " ind2=" ">
    <subfield code="a">&#x422;&#x435;&#x43E;&#x440;&#x438;&#x44F; &#x438; &#x43F;&#x440;&#x430;&#x43A;&#x442;&#x438;&#x43A;&#x430; &#x434;&#x43E;&#x431;&#x44B;&#x447;&#x438; &#x43D;&#x435;&#x444;&#x442;&#x438;.</subfield>
  </datafield>
  <datafield tag="942" ind1=" " ind2=" ">
    <subfield code="c">BK</subfield>
  </datafield>
  <datafield tag="999" ind1=" " ind2=" ">
    <subfield code="c">38244</subfield>
    <subfield code="d">38244</subfield>
  </datafield>
  <datafield tag="952" ind1=" " ind2=" ">
    <subfield code="0">0</subfield>
    <subfield code="1">0</subfield>
    <subfield code="4">0</subfield>
    <subfield code="7">0</subfield>
    <subfield code="9">39045</subfield>
    <subfield code="d">2018-12-17</subfield>
    <subfield code="p">9519</subfield>
    <subfield code="r">2018-12-17</subfield>
    <subfield code="w">2018-12-17</subfield>
    <subfield code="y">BK</subfield>
    <subfield code="z">&#x10E1;&#x10D0;&#x10EA;&#x10D0;&#x10D5;&#x10D8;</subfield>
  </datafield>
</record>
